Price Theory (Record no. 3428)

MARC details
000 -LEADER
fixed length control field 00372nam a22001697a 4500
005 - DATE AND TIME OF LATEST TRANSACTION
control field 20160621160159.0
008 - FIXED-LENGTH DATA ELEMENTS--GENERAL INFORMATION
fixed length control field 160621b xxu||||| |||| 00| 0 eng d
020 ## - INTERNATIONAL STANDARD BOOK NUMBER
ISBN 0333-92903-9
041 ## - LANGUAGE CODE
Language code of text/sound track or separate title eng
082 ## - DEWEY DECIMAL CLASSIFICATION NUMBER
Item number 8797
100 ## - MAIN ENTRY--AUTHOR NAME
Personal name Ryan, W.J.L
245 ## - TITLE STATEMENT
Title Price Theory
260 ## - PUBLICATION, DISTRIBUTION, ETC. (IMPRINT)
Name of publisher Mac Millan
Year of publication 2000
300 ## - PHYSICAL DESCRIPTION
Number of Pages 388
650 ## - SUBJECT ADDED ENTRY--TOPICAL TERM
Topical Term Management
942 ## - ADDED ENTRY ELEMENTS (KOHA)
Koha item type Books
Holdings
Lost status Damaged status Collection code Home library Current library Shelving location Date acquired Cost, normal purchase price Full call number Accession Number Koha item type
    MANAGEMENT JRU Library JRU Library SHELF-75-K 21/06/2016 170.00 338.521 8797 Books